Southville International School and Colleges
Your cart is empty.
  • Cart
  • Lists
    Public lists Eva Luna New books Lux_list list_1
    Your lists Log in to create your own lists
  • Log in to your account
  • Your cookies
  • Search history
Southville International School and Colleges
  • Advanced search
  • Recent comments
  • Most popular
  • Libraries

Log in to your account

Log in with GOOGLE


If you do not have an external account, but do have a local account, you can still log in:

  1. Home
  2. MARC view: A gift of fire :
Normal view MARC view ISBD view

A gift of fire : (Record no. 25671)

[ view plain ]
MARC details
000 -LEADER
fixed length control field 00727nam a22002297a 4500
005 - DATE AND TIME OF LATEST TRANSACTION
control field 20140310183634.0
008 - FIXED-LENGTH DATA ELEMENTS--GENERAL INFORMATION
fixed length control field 131123b xxu||||| |||| 00| 0 eng d
020 ## - INTERNATIONAL STANDARD BOOK NUMBER
International Standard Book Number 9780132492676
050 ## - LIBRARY OF CONGRESS CALL NUMBER
Classification number QA 76.9.C66
Item number .B111 2013
100 ## - MAIN ENTRY--PERSONAL NAME
Personal name Baase, Sara.
245 ## - TITLE STATEMENT
Title A gift of fire :
Remainder of title social, legal, and ethical issues for computing technology /
Statement of responsibility, etc Sara Baase.
250 ## - EDITION STATEMENT
Edition statement 4th ed.
260 ## - PUBLICATION, DISTRIBUTION, ETC. (IMPRINT)
Place of publication, distribution, etc Upper Saddle River, NJ :
Name of publisher, distributor, etc Pearson,
Date of publication, distribution, etc 2013.
300 ## - PHYSICAL DESCRIPTION
Extent xviii, 476 p. :
Other physical details ill. ;
Dimensions 24 cm.
504 ## - BIBLIOGRAPHY, ETC. NOTE
Bibliography, etc Includes Index.
521 ## - TARGET AUDIENCE NOTE
Target audience note
650 ## - SUBJECT ADDED ENTRY--TOPICAL TERM
Topical term or geographic name as entry element Computers
General subdivision Social aspects.
650 ## - SUBJECT ADDED ENTRY--TOPICAL TERM
Topical term or geographic name as entry element Computers
General subdivision Moral and ethical aspects.
650 ## - SUBJECT ADDED ENTRY--TOPICAL TERM
Topical term or geographic name as entry element Internet
General subdivision Social aspects.
942 ## - ADDED ENTRY ELEMENTS (KOHA)
Source of classification or shelving scheme Library of Congress Classification
Koha item type Books
Call number prefix Foreign
Holdings
Withdrawn status Lost status Source of classification or shelving scheme Damaged status Home library Current library Shelving location Date acquired Total Checkouts Total Renewals Full call number Barcode Date last seen Date checked out Copy number Price effective from Koha item type
    Library of Congress Classification   College Library College Library Reserve Section 11/23/2013 5 24 QA 76.9.C66 .B3 2013 C17194 02/22/2020 02/18/2020 1 11/23/2013 Books

A gift of fire :

APA

Baase S., . (2013). A gift of fire. Upper Saddle River, NJ: Pearson.

Chicago

Baase Sara, . 2013. A gift of fire. Upper Saddle River, NJ: Pearson.

Harvard

Baase S., . (2013). A gift of fire. Upper Saddle River, NJ: Pearson.

MLA

Baase Sara, . A gift of fire. Upper Saddle River, NJ: Pearson. 2013.

  • Place hold
  • Print
  • Cite
  • Add to your cart (remove)
  • Save record
    BIBTEX Dublin Core MARCXML MARC (non-Unicode/MARC-8) MARC (Unicode/UTF-8) MARC (Unicode/UTF-8, Standard) MODS (XML) RIS
  • More searches
    Search for this title in:
    Other Libraries (WorldCat) Other Databases (Google Scholar) Online Stores (Bookfinder.com) Open Library (openlibrary.org)

Exporting to Dublin Core...

SOUTHVILLE LIBRARY

Southville International School and Colleges Library

1281 Tropical Ave. Cor. Luxembourg St., BF Homes International, Las Pinas City

Tel. No. 8256374 / 252358 Loc. 117/146

Powered by Koha